| 000 | 00440nam a2200133Ia 4500 | ||
|---|---|---|---|
| 008 | 170516s9999 xx 000 0 und d | ||
| 245 | _aIntraoperative Imaging-Guided Cancer Surgery: From Current Fluorescence Molecular Imaging Methods to Future Multi-Modality Imaging Technology | ||
| 260 | _bTheranostics | ||
| 260 | _c2014 | ||
| 300 | _a4:11 | ||
| 650 | _xMedical Technology | ||
| 650 | _xMedtech | ||
| 856 | _uhttp://www.thno.org/v4i11 | ||
| 999 |
_c330404 _d330404 |
||